Statistics for All FNaF Characters ever.

Click here to take the quiz!

General Stats

  • This quiz has been taken 15 times
  • The average score is 34 of 41

Answer Stats

HintAnswer% Correct
Balloon Boy
100%
Bonnie
100%
Chica
100%
Foxy
100%
FNAF 1Freddy
100%
Golden Freddy
100%
Mangle
100%
Nightmare
100%
Nightmare Bonnie
100%
Nightmare Chica
100%
FNAF 3Springtrap
100%
Toy Bonnie
100%
Toy Chica
100%
FNAF 2Toy Freddy
100%
Nightmare Foxy
92%
FNAF 4Nightmare Freddy
92%
Marionette
85%
Nightmare Fredbear
85%
Phantom Chica
85%
Phantom Freddy
85%
Withered Bonnie
85%
Withered Chica
85%
Withered Foxy
85%
Withered Freddy
85%
Ballora
77%
FNAF SLCircus Baby
77%
Phantom BB
77%
Phantom Mangle
77%
Phantom Puppet
77%
Bon Bon
69%
Funtime Foxy
69%
Funtime Freddy
69%
Minireena
69%
Phantom Foxy
69%
Bidybab
62%
Bonnet
62%
Plushtrap
62%
Yenndo
62%
Ennard
54%
Lolbit
54%
Phantom Bonnie
23%

Score Distribution

Percentile by Number Answered

Percent of People with Each Score

Your Score History

You have not taken this quiz